Quantum groups and related topics : proceedings of the First Max Born Symposium /

Guardado en:
Autor Corporativo: Max Born Symposium Wojnowice Castle)
Otros Autores: Gielerak, R. 1951- (Editor ), Lukierski, Jerzy. (Editor ), Popowicz, Z. (Editor )
Formato: Libro
Idioma:English
Publicado: Dordrecht ; Boston : Kluwer Academic, c1992.
Series:Mathematical physics studies ; v. 13
Materias:
Etiquetas: Agregar Etiqueta
Sin Etiquetas, Sea el primero en etiquetar este registro!
LEADER 03137pam a2200289 a 4500
001 MAT.inmabb006746
008 920701s1992####ne#######b####100#0#eng##
005 20170608144607.0
245 1 0 |a Quantum groups and related topics :  |b proceedings of the First Max Born Symposium /  |c edited by R. Gielerak, J. Lukierski, and Z. Popowicz. 
260 |a Dordrecht ;  |a Boston :  |b Kluwer Academic,  |c c1992. 
300 |a viii, 274 p. ;  |c 25 cm. 
440 0 |a Mathematical physics studies ;  |v v. 13 
504 |a Incluye referencias bibliográficas. 
505 0 |a M. Chaichian and P. Prešnajder, Sugawara construction and the q-deformation of Virasoro algebra -- Bernhard Drabant, Michael Schlieker, Wolfgang Weich and Bruno Zumino, Complex quantum groups and their dual Hopf algebras -- S. M. Khoroshkin and V. N. Tolstoy [V. N. Tolstoi], Extremal projector and universal R-matrix for quantized contragredient Lie (super)algebras -- Jerzy Lukierski and Anatol Nowicki, Quantum deformations of D=4 Poincaré algebra -- Rainer Matthes, "Quantum group'' structure and "covariant'' differential calculus on symmetric algebras corresponding to commutation factors on Zn -- Arne Schirrmacher, Remarks on the use of R-matrices -- E. Sorace, Construction of some Hopf algebras -- S. Zakrzewski [Stanislaw Zakrzewski], Realifications of complex quantum groups -- Andrzej Borowiec, Wladyslaw Marcinek and Zbigniew Oziewicz, On multigraded differential calculus -- R. Coquereaux, Yang Mills fields and symmetry breaking: from Lie super-algebras to noncommutative geometry -- J. Rembielinski, Differential and integral calculus on the quantum C-plane -- S. Albeverio and J. Schäfer, Rigorous approach to abelian Chern-Simons theory -- Rainald Flume, The conformal block structure of perturbation theory in two dimensions -- Benno Fuchssteiner, An alternative dynamical description of quantum systems -- Ladislav Hlavatý, On the solutions of the Yang-Baxter equations -- M. Karowski, W. Müller [Werner Müller1] and R. Schrader [Robert Schrader], State sum invariants of compact 3-manifolds with boundary and 6j-symbols -- Klaus Fredenhagen, Product of states -- K.-E. Hellwig, Quantum measurements and information theory -- Jan Lopuszanski, A comment on a 3-dimensional Euclidean supersymmetry -- B. Schroer, Chiral nets and modular methods -- M. Salmhofer and E. Seiler [Erhard Seiler], Chiral symmetry breaking -- rigorous results -- V. A. Soroka, D. P. Sorokin, V. I. Tkach and D. V. Volkov, On a twistor shift in particle and string dynamics -- Armin Uhlmann, The metric of Bures and the geometric phase. 
510 4 |a MR,  |c 93h:00021 
020 |a 0792319249 (alk. paper) 
111 2 |a Max Born Symposium  |n (1st :  |d 1991 :  |c Wojnowice Castle) 
700 1 |a Gielerak, R.  |q (Roman),  |d 1951-  |4 edt 
700 1 |a Lukierski, Jerzy.  |4 edt 
700 1 |a Popowicz, Z.  |4 edt 
650 0 |a Mathematical physics  |x Congresses. 
650 0 |a Quantum groups  |x Congresses. 
650 0 |a Geometry, Differential  |x Congresses. 
084 |a 00B25 (17-06 17B37 58-06 81-06)  |2 msc2000 
010 |a  92025133  
040 |a DLC  |c DLC  |d DLC 
859 |h 00B25  |i M463-1  |p A-6834  |b BIB. MATEMATICA